Famous Duos - Statistics

General Stats
  • This quiz has been taken 158 times
    84 since last reset
  • The average score is 24 of 45
Answer Stats
Hint Answer % Correct
Barbie and Ken
98%
Batman and Robin
97%
Adam and Eve
95%
Bonnie and Clyde
88%
Romeo and Juliet
86%
Hansel and Gretal
85%
Tom and Jerry
80%
Chip and Dale
74%
David and Goliath
73%
Antony and Cleopatra
71%
Tweedledee and Tweedledum
71%
Sonny and Cher
70%
Butch Cassidy and the Sundance Kid
70%
Kermit and Miss Piggy
68%
Peter Pan and Wendy
68%
Laurel and Hardy
67%
Lennon and McCartney
67%
Holmes and Watson
67%
Simon and Garfunkel
65%
Fred Astaire and Ginger Rogers
65%
Starsky and Hutch
64%
Samson and Delilah
58%
Mulder and Scully
58%
Gilbert and Sullivan
56%
Bill and Ted
47%
Ant and Dec
41%
Posh and Becks
38%
Bill and Ben
35%
Chas and Dave
33%
Napoleon and Josephine
33%
Jeeves and Wooster
33%
Cannon and Ball
32%
Morecambe and Wise
32%
Little and Large
30%
Fry and Laurie
30%
French and Saunders
30%
Gavin and Stacey
30%
Hale and Pace
27%
Reeves and Mortimer
26%
Pinky and Perky
26%
Ronnie Barker and Ronnie Corbett
26%
Sooty and Sweep
26%
Mitchell and Webb
20%
Peter Cook and Dudley Moore
18%
Phil and Don
5%
No matching quizzes found
Score Distribution
Percent of People with Each Score
Percentile by Number Answered
Your Score History
You have not taken this quiz since the last reset